[Event "Toronto Candidates Blitz op"]
[Site "Toronto"]
[Date "2024.04.08"]
[Round "8"]
[White "Sai, Krishna GV"]
[Black "Kosteniuk, Alexandra"]
[Result "1-0"]
[WhiteElo "2404"]
[BlackElo "2501"]
[PlyCount "119"]
[EventDate "2024.04.08"]
[EventType "swiss (blitz)"]
[EventRounds "9"]
[EventCountry "CAN"]
[SourceTitle "CB16_2024"]
[SourceDate "2024.04.17"]
[SourceVersion "1"]
[SourceVersionDate "2024.04.17"]
[SourceQuality "1"]

1. e4 c6 2. d4 d5 3. Nc3 dxe4 4. Nxe4 Nf6 5. Nxf6+ exf6 6. c3 Bd6 7. Bd3 Na6 8. Ne2 Nc7 9. Qc2 h5 10. Bd2 Nd5 11. 0-0-0 b5 12. Ng3 Kf8 13. Ne4 Be7 14. h3 Be6 15. g4 Nb6 16. gxh5 Rxh5 17. Rdg1 Qd5 18. Qd1 Rh8 19. Bb1 b4 20. cxb4 Qxd4 21. Bc3 Qxd1+ 22. Rxd1 Bd5 23. Rhe1 Rxh3 24. Rh1 Rxh1 25. Rxh1 Ke8 26. Rh7 Bf8 27. Ng3 Be6 28. Nh5 Nd5 29. Nxg7+ Bxg7 30. Rxg7 Ke7 31. Bd4 Rh8 32. Rg1 Rh4 33. Bxa7 Nxb4 34. Bc5+ Kd7 35. Rd1+ Nd5 36. b3 f5 37. a4 Kc7 38. a5 Kb7 39. Bd3 Nb4 40. Be2 Bd5 41. Rg1 Re4 42. Bf3 Rf4 43. Be2 Bxb3 44. Rg8 Bc4 45. Bd6 Bxe2 46. Bxf4 Nd3+ 47. Kd2 Nxf4 48. Ke3 Ka6 49. Kxf4 Kxa5 50. Kxf5 Bc4 51. Rd8 c5 52. Ke5 Be6 53. f4 Bb3 54. Rc8 Kb4 55. f5 Ba2 56. f6 c4 57. Kd4 Bb3 58. Rb8+ Ka3 59. Kc3 Ka2 60. Rb7 1-0

[Event "Canadian zt"]
[Site "Toronto"]
[Date "2024.03.28"]
[Round "3"]
[White "Sai, Krishna GV"]
[Black "Plotkin, Victor"]
[Result "1-0"]
[WhiteElo "2404"]
[BlackElo "2273"]
[PlyCount "69"]
[EventDate "2024.03.27"]
[EventType "team-swiss"]
[EventRounds "10"]
[EventCountry "CAN"]
[SourceTitle "CB15_2024"]
[SourceDate "2024.04.10"]
[SourceVersion "1"]
[SourceVersionDate "2024.04.10"]
[SourceQuality "1"]

1. e4 e5 2. Nf3 Nf6 3. Nxe5 d6 4. Nf3 Nxe4 5. Nc3 Nxc3 6. dxc3 Be7 7. Bf4 Nc6 8. Qd2 Be6 9. Ng5 Bxg5 10. Bxg5 Qd7 11. Be2 h6 12. Be3 0-0-0 13. b4 Rde8 14. a4 Bg4 15. f3 Bf5 16. Kf2 Qe6 17. a5 g5 18. Rhe1 g4 19. a6 gxf3 20. axb7+ Kd7 21. Bxf3 Ne5 22. Bxa7 Qf6 23. Qd4 Bxc2 24. Re3 Qg5 25. b8Q Rxb8 26. Bxb8 Rxb8 27. Re2 Bh7 28. Bd5 Rg8 29. b5 Qh5 30. h3 Qg5 31. b6 Nd3+ 32. Kg1 Ne5 33. Ra7 Bd3 34. Rxc7+ Kd8 35. Qa4 1-0

[Event "Titled Tuesday intern op 13th Feb Late"]
[Site "Chess.com INT"]
[Date "2024.02.13"]
[Round "6"]
[White "Sai, Krishna GV"]
[Black "Henriquez Villagra, Cristobal"]
[Result "1-0"]
[WhiteElo "2404"]
[BlackElo "2591"]
[PlyCount "49"]
[EventDate "2024.02.13"]
[EventType "swiss (blitz)"]
[EventRounds "11"]
[EventCountry "USA"]
[SourceTitle "CB08_2024"]
[SourceDate "2024.02.21"]
[SourceVersion "1"]
[SourceVersionDate "2024.02.21"]
[SourceQuality "1"]

1. Nf3 b6 2. g3 Bb7 3. Bg2 e5 4. d3 Bd6 5. 0-0 Nc6 6. Nbd2 Nf6 7. e4 Qe7 8. Nh4 Bc5 9. Nf5 Qf8 10. Nb3 h6 11. Nxc5 bxc5 12. c3 g6 13. Ne3 h5 14. h4 Qd6 15. f4 Ba6 16. Nd5 Ng4 17. Bf3 0-0-0 18. Qa4 Bxd3 19. Rd1 c4 20. b4 Kb7 21. Ba3 Nb8 22. b5 c5 23. bxc6+ Qxc6 24. Rab1+ Bxb1 25. Rxb1+ 1-0

[Event "Titled Tuesday intern op 20th Jun Late"]
[Site "Chess.com INT"]
[Date "2023.06.20"]
[Round "6"]
[White "Sai, Krishna GV"]
[Black "Balla, Tamas Kristof"]
[Result "1-0"]
[WhiteElo "2376"]
[BlackElo "2303"]
[PlyCount "51"]
[EventDate "2023.06.20"]
[EventType "swiss (blitz)"]
[EventRounds "11"]
[EventCountry "USA"]
[SourceTitle "EXT 2024"]
[Source "ChessBase"]
[SourceDate "2023.10.10"]
[SourceVersion "1"]
[SourceVersionDate "2023.10.10"]
[SourceQuality "1"]

1. e4 c5 2. Nf3 Nc6 3. Nc3 g6 4. h4 Nf6 5. h5 Nxh5 6. Rxh5 gxh5 7. Ng5 e6 8. Qxh5 Qf6 9. Nb5 h6 10. Nf3 Kd8 11. d4 a6 12. e5 Qg6 13. Bg5+ Be7 14. Qxg6 fxg6 15. Nd6 Rh7 16. Bxe7+ Kxe7 17. dxc5 g5 18. g4 h5 19. Nxg5 Rg7 20. f4 hxg4 21. Nge4 Nd4 22. 0-0-0 Nf5 23. Nxf5+ exf5 24. Nd6 Ke6 25. Bc4+ Ke7 26. Nxf5+ 1-0

[Event "Titled Tuesday intern op 20th Jun Late"]
[Site "Chess.com INT"]
[Date "2023.06.20"]
[Round "1"]
[White "Stachanczyk, Jacek"]
[Black "Sai, Krishna GV"]
[Result "0-1"]
[WhiteElo "2124"]
[BlackElo "2376"]
[PlyCount "72"]
[EventDate "2023.06.20"]
[EventType "swiss (blitz)"]
[EventRounds "11"]
[EventCountry "USA"]
[SourceTitle "EXT 2024"]
[Source "ChessBase"]
[SourceDate "2023.10.10"]
[SourceVersion "1"]
[SourceVersionDate "2023.10.10"]
[SourceQuality "1"]

1. e4 e5 2. Nf3 Nc6 3. Bb5 a6 4. Ba4 d6 5. 0-0 Nf6 6. Re1 Be7 7. c3 b5 8. Bb3 0-0 9. h3 Nd7 10. d4 Bf6 11. Be3 Na5 12. Bc2 Nc4 13. Bc1 Bb7 14. b3 Ncb6 15. Bb2 c5 16. d5 c4 17. Nbd2 Nc5 18. Qe2 a5 19. bxc4 bxc4 20. Nxc4 Ba6 21. Nfd2 Rc8 22. Ba3 Nca4 23. Bd3 Nxc3 24. Qf1 Nxc4 25. Nxc4 Be7 26. Rec1 Nb5 27. Bb2 Nd4 28. Bxd4 exd4 29. Nd2 Bxd3 30. Qxd3 Bf6 31. Nb3 Qb6 32. Rcb1 Rc3 33. Qd2 d3 34. Nc1 Qd4 35. Ne2 dxe2 36. Qxd4 Bxd4 0-1

[Event "Titled Tuesday intern op 13th Jun Late"]
[Site "Chess.com INT"]
[Date "2023.06.13"]
[Round "3"]
[White "Sai, Krishna GV"]
[Black "Haszon, David"]
[Result "1-0"]
[WhiteElo "2376"]
[BlackElo "2264"]
[PlyCount "125"]
[EventDate "2023.06.13"]
[EventType "swiss (blitz)"]
[EventRounds "11"]
[EventCountry "USA"]
[SourceTitle "EXT 2024"]
[Source "ChessBase"]
[SourceDate "2023.10.10"]
[SourceVersion "1"]
[SourceVersionDate "2023.10.10"]
[SourceQuality "1"]

1. e4 c5 2. Nf3 e6 3. d4 cxd4 4. Nxd4 Nf6 5. Nc3 Nc6 6. Nxc6 bxc6 7. Bd3 d5 8. 0-0 Bd6 9. Qf3 Rb8 10. b3 Be5 11. Bb2 Bb7 12. Rfe1 d4 13. Na4 Qc7 14. Qh3 c5 15. g3 Bd6 16. f4 e5 17. f5 Bc6 18. Ba3 Qa5 19. g4 Bxa4 20. bxa4 Qxa4 21. g5 Nd7 22. Bf1 Qxc2 23. g6 f6 24. Rac1 Qxa2 25. Bc4 Qd2 26. gxh7 Qh6 27. Qxh6 gxh6 28. Bg8 Ke7 29. Kf2 Nf8 30. Bxc5 Nxh7 31. Be6 Ng5 32. Bd5 Rb2+ 33. Kg3 h5 34. h4 Nf7 35. Bxd6+ Nxd6 36. Rc7+ Kd8 37. Rxa7 Re8 38. Rc1 Nc8 39. Ra8 Ke7 40. Rcxc8 Rxc8 41. Rxc8 d3 42. Rc7+ Kd6 43. Rc6+ Kd7 44. Rc3 d2 45. Rd3 Kd6 46. Kf3 Kc5 47. Ke2 d1Q+ 48. Kxd1 Rh2 49. Rc3+ Kd4 50. Rc6 Kd3 51. Kc1 Rh1+ 52. Kb2 Rh2+ 53. Kb3 Rxh4 54. Rxf6 Rf4 55. Rf8 h4 56. f6 Ke3 57. f7 Kf3 58. Rh8 Kg3 59. Rg8+ Kf2 60. f8Q Rxf8 61. Rxf8+ Kg3 62. Rf5 h3 63. Rxe5 1-0

[Event "Titled Tuesday intern op 13th Jun Late"]
[Site "Chess.com INT"]
[Date "2023.06.13"]
[Round "5"]
[White "Sai, Krishna GV"]
[Black "Womacka, Mathias"]
[Result "1-0"]
[WhiteElo "2376"]
[BlackElo "2390"]
[PlyCount "87"]
[EventDate "2023.06.13"]
[EventType "swiss (blitz)"]
[EventRounds "11"]
[EventCountry "USA"]
[SourceTitle "EXT 2024"]
[Source "ChessBase"]
[SourceDate "2023.10.10"]
[SourceVersion "1"]
[SourceVersionDate "2023.10.10"]
[SourceQuality "1"]

1. e4 c5 2. Nf3 d6 3. d4 cxd4 4. Nxd4 Nf6 5. Nc3 a6 6. Bg5 e6 7. f4 h6 8. Bh4 Qb6 9. Qd2 Qxb2 10. Rb1 Qa3 11. Be2 Be7 12. 0-0 Nbd7 13. f5 e5 14. Nb3 b5 15. Bxb5 axb5 16. Nxb5 Qa4 17. Nc7+ Kf8 18. Nxa8 Qxa8 19. Na5 Kg8 20. Qb4 Kh7 21. Rb3 Nc5 22. Qc4 Qxa5 23. Qxf7 Nxb3 24. Qxe7 Nxe4 25. f6 Nxf6 26. Bxf6 Rg8 27. axb3 Qc5+ 28. Kh1 Qxc2 29. Bh4 Qxb3 30. Qxd6 Bb7 31. Qxe5 Qd5 32. Qe2 Re8 33. Qc2+ Kh8 34. h3 Re6 35. Rf2 Re8 36. Qb2 Qe4 37. Bg3 Bd5 38. Kh2 Qg6 39. Bf4 Rf8 40. Qe5 Rf5 41. Qb8+ Kh7 42. Rd2 Be4 43. Bg3 Rf7 44. Rd6 1-0

[Event "CAN Transnational Rapid"]
[Site "Toronto"]
[Date "2023.06.03"]
[Round "3"]
[White "Bareev, Evgeny"]
[Black "Sai, Krishna GV"]
[Result "1-0"]
[WhiteElo "2631"]
[BlackElo "2376"]
[PlyCount "79"]
[EventDate "2023.06.03"]
[EventType "swiss (rapid)"]
[EventRounds "11"]
[EventCountry "CAN"]
[SourceTitle "CBM 214 Extra"]
[Source "ChessBase"]
[SourceDate "2023.07.31"]
[SourceVersion "1"]
[SourceVersionDate "2023.07.31"]
[SourceQuality "1"]

1. d4 Nf6 2. c4 g6 3. Nc3 Bg7 4. e4 d6 5. h3 0-0 6. Bg5 c5 7. d5 b5 8. cxb5 a6 9. a4 Qa5 10. Bd2 axb5 11. Bxb5 Ba6 12. Nge2 Qb4 13. f3 c4 14. 0-0 Qxb2 15. Be3 Nfd7 16. Rb1 Qa3 17. Qc2 Nc5 18. Bc1 Qb3 19. Rxb3 cxb3 20. Qb1 Nbd7 21. Bxd7 Nxd7 22. Qxb3 Nc5 23. Qd1 Bxc3 24. Nxc3 Bxf1 25. Kxf1 Rfb8 26. Be3 Nb3 27. Kg1 Rb4 28. Kh2 Rc8 29. Nb5 Nc5 30. Na7 Ra8 31. Nc6 Rbxa4 32. Bxc5 dxc5 33. Qc1 c4 34. Nxe7+ Kf8 35. d6 R8a6 36. e5 Ke8 37. Nd5 Kd7 38. Qf4 c3 39. Qxf7+ Kc6 40. Nxc3 1-0

[Event "CAN Transnational Rapid"]
[Site "Toronto"]
[Date "2023.06.03"]
[Round "2"]
[White "Cruz, Cristhian"]
[Black "Sai, Krishna GV"]
[Result "1-0"]
[WhiteElo "2522"]
[BlackElo "2376"]
[PlyCount "77"]
[EventDate "2023.06.03"]
[EventType "swiss (rapid)"]
[EventRounds "11"]
[EventCountry "CAN"]
[SourceTitle "CBM 214 Extra"]
[Source "ChessBase"]
[SourceDate "2023.07.31"]
[SourceVersion "1"]
[SourceVersionDate "2023.07.31"]
[SourceQuality "1"]

1. d4 Nf6 2. c4 g6 3. Nc3 Bg7 4. e4 d6 5. Nf3 0-0 6. Be2 e5 7. 0-0 Nc6 8. d5 Ne7 9. Be3 Ng4 10. Bd2 f5 11. a4 Nf6 12. a5 h6 13. exf5 gxf5 14. c5 e4 15. cxd6 Qxd6 16. Nd4 Nfxd5 17. Ndb5 Qd8 18. Nxd5 Nxd5 19. Qb3 Kh7 20. Bc4 c6 21. Nc3 Be6 22. Qxb7 Qd6 23. Nxd5 cxd5 24. Bc3 d4 25. Bxe6 dxc3 26. Bxf5+ Rxf5 27. Qxa8 cxb2 28. Rad1 Qb4 29. Qxa7 Rxa5 30. Qf7 Qc3 31. Rd8 Qe5 32. Qg8+ Kg6 33. Re8 Qd4 34. Re6+ Kf5 35. Qf7+ Bf6 36. g4+ Kg5 37. Rxf6 e3 38. Qg7+ Kh4 39. Rxh6+ 1-0

[Event "CAN Transnational Rapid"]
[Site "Toronto"]
[Date "2023.06.03"]
[Round "1"]
[White "Sai, Krishna GV"]
[Black "Neiksans, Arturs"]
[Result "1-0"]
[WhiteElo "2376"]
[BlackElo "2605"]
[PlyCount "93"]
[EventDate "2023.06.03"]
[EventType "swiss (rapid)"]
[EventRounds "11"]
[EventCountry "CAN"]
[SourceTitle "CBM 214 Extra"]
[Source "ChessBase"]
[SourceDate "2023.07.31"]
[SourceVersion "1"]
[SourceVersionDate "2023.07.31"]
[SourceQuality "1"]

1. e4 c5 2. Nf3 e6 3. d4 cxd4 4. Nxd4 a6 5. Bd3 Bc5 6. Nb3 Ba7 7. Qg4 Nf6 8. Qg3 d6 9. Nc3 Nc6 10. 0-0 0-0 11. Kh1 Kh8 12. Bg5 h6 13. Qh4 Kg8 14. Bd2 Ne5 15. f4 Nxd3 16. cxd3 Bd7 17. Rf3 Kh8 18. f5 exf5 19. Bg5 Kg8 20. Rh3 f4 21. Nd5 Ng4 22. Bxd8 Nf2+ 23. Qxf2 Bxf2 24. Rf3 Ba7 25. Bb6 f5 26. Rxf4 fxe4 27. Ne7+ Kh7 28. Rxf8 Rxf8 29. Bxa7 exd3 30. Rd1 Re8 31. Re1 Bg4 32. Kg1 a5 33. h3 Bh5 34. Kf2 a4 35. Nd2 a3 36. bxa3 Ra8 37. Bd4 Rxa3 38. Rb1 Rxa2 39. Ke3 Ra5 40. Rb2 b6 41. Rxb6 Rd5 42. Rb7 Rg5 43. g4 Bxg4 44. hxg4 Rxg4 45. Nf5 Kg6 46. Nxd6 Kh5 47. Bxg7 1-0

[Event "Titled Tuesday intern op 02nd May Late"]
[Site "Chess.com INT"]
[Date "2023.05.02"]
[Round "9"]
[White "Baskakov, Egor"]
[Black "Sai, Krishna GV"]
[Result "1-0"]
[WhiteElo "2215"]
[BlackElo "2384"]
[PlyCount "71"]
[EventDate "2023.05.02"]
[EventType "swiss (blitz)"]
[EventRounds "11"]
[EventCountry "USA"]
[SourceTitle "EXT 2024"]
[Source "ChessBase"]
[SourceDate "2023.10.10"]
[SourceVersion "1"]
[SourceVersionDate "2023.10.10"]
[SourceQuality "1"]

1. e4 e5 2. Nc3 Nc6 3. g3 h5 4. h3 h4 5. g4 Nge7 6. Bg2 g5 7. Nge2 Ng6 8. d3 Bg7 9. Nd5 Nd4 10. 0-0 c6 11. Ne3 Nxe2+ 12. Qxe2 Nf4 13. Qd1 d5 14. Nf5 Bxf5 15. exf5 0-0 16. c3 Qb6 17. Qc2 Rfe8 18. Re1 Bf8 19. Bxf4 exf4 20. d4 Qd8 21. b4 Qf6 22. a4 a6 23. Qb3 Bd6 24. Bf3 b5 25. axb5 axb5 26. Rxe8+ Rxe8 27. Ra6 Bc7 28. Qxd5 Re1+ 29. Kg2 Qe7 30. Rxc6 Qe8 31. Rxc7 Kg7 32. f6+ Kh6 33. Qxf7 Rg1+ 34. Kh2 Rh1+ 35. Bxh1 Qe4 36. Qh5# 1-0

[Event "Titled Tuesday intern op 02nd May Late"]
[Site "Chess.com INT"]
[Date "2023.05.02"]
[Round "5"]
[White "Sai, Krishna GV"]
[Black "Bortnyk, Mykola"]
[Result "0-1"]
[WhiteElo "2384"]
[BlackElo "2425"]
[PlyCount "118"]
[EventDate "2023.05.02"]
[EventType "swiss (blitz)"]
[EventRounds "11"]
[EventCountry "USA"]
[SourceTitle "EXT 2024"]
[Source "ChessBase"]
[SourceDate "2023.10.10"]
[SourceVersion "1"]
[SourceVersionDate "2023.10.10"]
[SourceQuality "1"]

1. e4 Nf6 2. e5 Nd5 3. d4 d6 4. c4 Nb6 5. f4 dxe5 6. fxe5 Nc6 7. Be3 Bf5 8. Nf3 e6 9. Be2 Qd7 10. 0-0 0-0-0 11. a3 f6 12. exf6 gxf6 13. b4 Rg8 14. b5 Qg7 15. Rf2 Ne5 16. Nxe5 fxe5 17. d5 exd5 18. Qf1 Bxb1 19. Rxb1 d4 20. Rf7 Qg6 21. Bd3 e4 22. Rf6 Qe8 23. Qf5+ Kb8 24. Re6 Qd7 25. Bg5 exd3 26. Bxd8 Qxd8 27. Qxd3 Bc5 28. Rbe1 Nc8 29. Kh1 h5 30. Qf5 b6 31. Qxh5 d3 32. Qd5 Qxd5 33. cxd5 Rd8 34. Rd1 Rxd5 35. g4 Nd6 36. h4 Rd4 37. h5 Rxg4 38. Rxd3 Rh4+ 39. Kg2 Rxh5 40. Kf3 Rh3+ 41. Ke2 Rxd3 42. Kxd3 Nxb5 43. a4 Nd6 44. Kc3 Kb7 45. Kb3 a6 46. Rh6 b5 47. axb5 axb5 48. Rh5 Bb6 49. Kb4 c5+ 50. Kb3 Kc6 51. Rh8 c4+ 52. Kb4 Bc5+ 53. Ka5 c3 54. Rh2 Nc4+ 55. Ka6 Bd6 56. Rh4 c2 57. Rh1 Bf4 58. Rh8 c1Q 59. Rc8+ Bc7 0-1

[Event "Titled Tuesday intern op 11th Apr Late"]
[Site "Chess.com INT"]
[Date "2023.04.11"]
[Round "3"]
[White "Petrova, Irina"]
[Black "Sai, Krishna GV"]
[Result "1/2-1/2"]
[WhiteElo "2108"]
[BlackElo "2385"]
[PlyCount "117"]
[EventDate "2023.04.11"]
[EventType "swiss (blitz)"]
[EventRounds "11"]
[EventCountry "USA"]
[SourceTitle "CBM 213 Extra"]
[Source "ChessBase"]
[SourceDate "2023.05.31"]
[SourceVersion "1"]
[SourceVersionDate "2023.05.31"]
[SourceQuality "1"]

1. e4 c5 2. Nf3 d6 3. Bb5+ Nc6 4. Bxc6+ bxc6 5. 0-0 g6 6. c3 Bg7 7. d4 cxd4 8. cxd4 Nh6 9. Nc3 0-0 10. h3 Rb8 11. Re1 Qa5 12. Qc2 f5 13. Bd2 Qb6 14. b3 f4 15. Rac1 Bd7 16. Na4 Qb5 17. Bc3 Qh5 18. Qe2 g5 19. d5 Bxc3 20. Nxc3 c5 21. e5 g4 22. hxg4 Bxg4 23. exd6 exd6 24. Ne4 Nf5 25. Ned2 Nd4 26. Qd3 Bxf3 27. Nxf3 Nxf3+ 28. Qxf3 Qxf3 29. gxf3 Rbe8 30. Kg2 Kf7 31. Kh3 Kf6 32. Kg4 Re5 33. Rcd1 Rg8+ 34. Kxf4 Rf5+ 35. Ke3 Re8+ 36. Kd3 Rxd5+ 37. Kc4 Rxd1 38. Rxd1 Ke6 39. Rh1 Re7 40. Rh6+ Kd7 41. Kd5 Re5+ 42. Kc4 Re7 43. Kd5 Re5+ 44. Kc4 Kc6 45. Rxh7 d5+ 46. Kd3 Rf5 47. Rxa7 Rxf3+ 48. Ke2 Rc3 49. Kd2 d4 50. Rf7 Kb5 51. f4 Kb4 52. f5 Ka3 53. Ra7+ Kb2 54. f6 Rf3 55. f7 Rf5 56. Kd3 Rf3+ 57. Kd2 Rf2+ 58. Kd3 Rf3+ 59. Kd2 1/2-1/2